000 00721nam a2200217 i 4500
001 142415
003 ES-MaACL
005 20250829041759.0
007 t|
008 071005s1972 sp ||||1| spa d
080 _a860 Salinas, Pedro 1.06
100 1 _aVila Selma, José.
_9114738
245 1 0 _aPedro Salinas /
_cJosé Vila Selma.
260 _a[Madrid] :
_bEPESA [Ediciones y Publicaciones Españolas],
_c[1972]
300 _a187 p. ;
_c17 cm.
490 1 _aGrandes escritores contemporáneos ;
_v57
600 1 4 _aSalinas, Pedro,
_d1891-1951-
_xCrítica e interpretación
_9172058
830 1 0 _aGrandes escritores contemporáneos (Epesa)
_v57
_9180697
852 _aES-MaACL
_jC-48215
999 _c142415
_d142415